Statistics for Foreign Relations of the United Kingdom

Click here to take the quiz!

General Stats

  • This quiz has been taken 57 times
  • The average score is 14 of 20

Answer Stats

HintCountry% Correct
United Kingdom fights a war against this country over an island chain in 1982Argentina
91%
British convicts are transported to this country until 1848Australia
91%
The United Kingdom smuggles opium into this country in the mid-19th centuryChina
89%
England lost to this country during the "Hundred Years War"France
89%
The United Kingdom backs the US invasion of this country in 2003Iraq
89%
This country tried to invade England with an armada in 1588Spain
87%
In the 1840s, one million people die from famine on this island. Meanwhile,
food from that island is exported to England
Ireland
83%
A famine, caused by British policies, kills 2 million people in this country in 1943India
77%
The British royal family flees to this country during WWIICanada
74%
Churchill described this country as "a riddle wrapped in a mystery inside an enigma"Russia
62%
The ruler of this country set a fatwa on Indian-British writer Salman Rushdie - the event
caused the the U.K. to cut ties with it
Iran
60%
Country of the Mau Mau uprising, brutally put down by the BritishKenya
58%
After its accession to the EU, people from this country become the largest
foreign born residents of the United Kingdom
Poland
58%
80,000 British soldiers are captured when this country falls to the Japanese in WWIISingapore
58%
The British invented and first used the Concentration Camp in this countrySouth Africa
58%
This country "invades" England during the Glorious Revolution of 1688Netherlands
57%
The Balfour Declaration announced support for the establishment of this countryIsrael
53%
British intelligence intercepted the Zimmermann Telegram in 1917 - a secretive offer made
by Germany to induce this country to join WWI
Mexico
51%
The territories of Akrotiri and Dhekelia of this country are under British ruleCyprus
49%
This country beats England in 2016 UEFA European ChampionshipIceland
43%

Score Distribution

Percentile by Number Answered

Percent of People with Each Score

Your Score History

You have not taken this quiz